书目信息 |
| 题名: |
建材工业企业管理
|
|
| 作者: | 李京文 编 | |
| 分册: | ||
| 出版信息: | 北京 中国建筑工业出版社 1982 |
|
| 页数: | 238页 | |
| 开本: | 25cm | |
| 丛书名: | ||
| 单 册: | ||
| 中图分类: | F407.96 | |
| 科图分类: | ||
| 主题词: | 建筑材料工业-工业企业管理--高等学校--教材 , 工业企业管理-建筑材料工业--高等学校--教材 | |
| 电子资源: | ||
| ISBN: | ||
| 000 | 00761nam0 2200265 45 | |
| 001 | 0182003360 | |
| 005 | 20040429150028.2 | |
| 010 | @dCNY1.60 | |
| 091 | @a15040.4358 | |
| 100 | @a19950403d1982 em y0chiy0121 ea | |
| 101 | 0 | @achi |
| 102 | @aCN@b110000 | |
| 105 | @ay z 000yy | |
| 106 | @ar | |
| 200 | 10 | @a建材工业企业管理@Ajian cai gong ye qi ye guan li@f李京文等主编 |
| 210 | @a北京@c中国建筑工业出版社@d1982 | |
| 215 | @a238页@d25cm | |
| 300 | @a高等学校试用教材 | |
| 606 | @a建筑材料工业-工业企业管理@x高等学校@x教材 | |
| 606 | @a工业企业管理-建筑材料工业@x高等学校@x教材 | |
| 690 | @aF407.96@v3 | |
| 701 | 0 | @a李京文@Ali jing wen@4编 |
| 801 | 0 | @aCN@b上海图书馆@c20040429 |
| 801 | 2 | @aCN@bNLC@c20040429 |
| 905 | @f1@b110232@dF407.96@e50 | |
| 建材工业企业管理/李京文等主编.-北京:中国建筑工业出版社,1982 |
| 238页;25cm |
| 高等学校试用教材 |
| ISBN :CNY1.60 |
| ● |
| 相关链接 |
|
|
|
|
正题名:建材工业企业管理
索取号:F407.96/50
 
预约/预借
| 序号 | 登录号 | 条形码 | 馆藏地/架位号 | 状态 | 备注 |
| 1 | 0110232 | 000208689 | 第一借阅区/ [索取号:F407.96/50] | 在馆 |